|
|
|
|
| LEADER |
00000cam a2200000 a 4500 |
| 001 |
vtls001478759 |
| 003 |
SK-MaSNL |
| 005 |
20260302002917.0 |
| 008 |
240226s2004 xo l ern p 000 0 slo |
| 015 |
|
|
|a SNBA2004
|
| 020 |
|
|
|a 8022518549
|q (brožované)
|
| 035 |
|
|
|a SNK000434058
|
| 035 |
|
|
|a urn:nbn:sk:snk-am3j2wv
|
| 035 |
|
|
|a FCF3BA4D-36A7-4DCC-8105-49C43BCC853E
|
| 035 |
|
|
|a urn:nbn:sk:snk-am00gh3z
|
| 040 |
|
|
|a SNK
|b slo
|c SNK
|e AACR2
|
| 041 |
0 |
|
|a slo
|
| 044 |
|
|
|a xo
|c SK
|
| 072 |
|
7 |
|a 339.5
|x Zahraničný obchod. Medzinárodný obchod
|2 konspekt
|
| 080 |
|
|
|a 339.5
|2 2011
|
| 080 |
|
|
|a 339.72.053
|2 2011
|
| 080 |
|
|
|a 339.5:339.91
|2 2011
|
| 080 |
|
|
|a (075.8)
|2 2011
|
| 080 |
|
|
|a 33
|2 2011
|
| 080 |
|
|
|a 005.336
|2 2011
|
| 080 |
|
|
|a 316.422
|2 2011
|
| 100 |
1 |
|
|a Vokorokosová, Renáta,
|d 1967-
|4 aut
|9 24098
|
| 245 |
1 |
0 |
|a Komparatívne a konkurenčné výhody v období globalizácie
|c Renáta Vokorokosová
|
| 250 |
|
|
|a 1. vyd.
|
| 260 |
|
|
|a Bratislava
|b Ekonóm
|c 2004
|
| 300 |
|
|
|a 155 strán
|b schémy, tabuľky
|c 21 cm
|
| 366 |
|
|
|e 100 kusov
|
| 504 |
|
|
|a Bibliografia na strane 118-123
|
| 650 |
0 |
7 |
|a ekonomika
|2 SNKPH
|9 789
|
| 650 |
0 |
7 |
|a zahraničný obchod
|2 SNKPH
|9 2200
|
| 650 |
0 |
7 |
|a medzinárodný obchod
|2 SNKPH
|9 2202
|
| 650 |
0 |
7 |
|a platobné bilancie
|2 SNKPH
|9 50003
|
| 650 |
0 |
7 |
|a konkurenčná výhoda
|2 SNKPH
|9 91263
|
| 650 |
0 |
7 |
|a komparatívna výhoda
|2 SNKPH
|9 69550
|
| 650 |
0 |
7 |
|a globalizácia
|2 SNKPH
|9 3615
|
| 655 |
|
7 |
|a učebnice vysokých škôl
|2 SNKPH
|9 70191
|
| 919 |
|
|
|a 80-225-1854-9
|
| 958 |
|
|
|a NB
|
| 958 |
|
|
|a OND
|
| 999 |
|
|
|c 989939
|d 991869
|
| 952 |
|
|
|t P60, <03>, [BOOK], {603}, -B-
|a SNK
|b SNK
|y PREZ
|7 0
|p 17A0437637
|o snkSC 116669
|i snkKSP 9569/2004
|0 0
|1 0
|4 0
|d 2004-07-20
|f 1
|l 0
|r 2025-10-16 00:00:00
|w 2026-02-24
|
| 952 |
|
|
|t P60, <04>, [BOOK], {604}
|a SNK
|b SNK
|y VYP
|7 0
|p 17A0437616
|o snkSC 116669 D1
|i snkKSP 9570/2004
|0 0
|1 0
|4 0
|d 2004-07-20
|l 0
|r 2005-01-02 00:00:00
|w 2026-02-24
|